IV. Béla birtokrestaurációs politikája
Elmentve itt :
| Szerző: | |
|---|---|
| További közreműködők: | |
| Dokumentumtípus: | Disszertáció |
| Megjelent: |
1972
|
| Tárgyszavak: | |
| Online Access: | http://doktori.ek.szte.hu/3405 |
| LEADER | 00604nta a2200181 i 4500 | ||
|---|---|---|---|
| 001 | dokt3405 | ||
| 005 | 20240903112608.0 | ||
| 008 | 170110s1972 hu om 000 hun d | ||
| 040 | |a SZTE Doktori Repozitórium |b hun | ||
| 041 | |a hun | ||
| 100 | 1 | |a Rákos István | |
| 245 | 1 | 0 | |a IV. Béla birtokrestaurációs politikája |h [elektronikus dokumentum] / |c Rákos István |
| 260 | |c 1972 | ||
| 502 | |a Disszertacio | ||
| 650 | 4 | |a történelemtudományok | |
| 650 | 4 | |a Történettudomány | |
| 700 | 0 | 1 | |a Nincs megadva |e ths |
| 856 | 4 | 0 | |u https://doktori.bibl.u-szeged.hu/id/eprint/3405/1/1972_rakos_istvan.pdf |z Dokumentum-elérés |